书目信息 |
| 题名: |
教育神经科学的使命与未来
|
|
| 作者: | 周加仙 编著 | |
| 分册: | ||
| 出版信息: | 北京 教育科学出版社 2016 |
|
| 页数: | 215页 | |
| 开本: | 24cm | |
| 丛书名: | 教育神经科学与国民素质提升系列丛书 | |
| 单 册: | ||
| 中图分类: | G40-056 | |
| 科图分类: | ||
| 主题词: | 脑科学--应用--教育学--研究 | |
| 电子资源: | ||
| ISBN: | 978-7-5191-0897-7 | |
| 000 | 01112oam2 2200265 450 | |
| 001 | 46 | |
| 005 | 20180519101954.11 | |
| 010 | @a978-7-5191-0897-7@dCNY28.00 | |
| 100 | @a20170905d2016 em y0chiy50 ea | |
| 101 | 0 | @achi |
| 102 | @aCN@b110000 | |
| 105 | @aa z 001yy | |
| 200 | 1 | @a教育神经科学的使命与未来@9jiao yu shen jing ke xue de shi ming yu wei lai@dEducational neuroscience mission and future@f周加仙编著@zeng |
| 210 | @a北京@c教育科学出版社@d2016 | |
| 215 | @a215页@c照片@d24cm | |
| 225 | 1 | @a教育神经科学与国民素质提升系列丛书@f周加仙,(美)库尔特·W.费希尔主编 |
| 300 | @a国家出版基金项目 “十二五”国家重点图书出版规划项目 | |
| 330 | @a本书是对国际教育神经科学领域十二位知名学者的访谈纪实。访谈内容涵盖教育神经科学的学科发展历史、研究范围、研究框架、学科前沿问题、对教育教学的启示等等。 | |
| 461 | 0 | @12001 @a教育神经科学与国民素质提升系列丛书 |
| 510 | 1 | @aEducational neuroscience mission and future@zeng |
| 606 | 0 | @a脑科学@x应用@x教育学@x研究 |
| 690 | @aG40-056@v5 | |
| 701 | 0 | @a周加仙@9zhou jia xian@c(女)@4编著 |
| 801 | 0 | @aCN@b91MARC@c20170905 |
| 905 | @aMuseLib@dG40-056@e787 | |
| 教育神经科学的使命与未来=Educational neuroscience mission and future/周加仙编著.-北京:教育科学出版社,2016 |
| 215页:照片;24cm.-(教育神经科学与国民素质提升系列丛书/周加仙,(美)库尔特·W.费希尔主编) |
| 国家出版基金项目 “十二五”国家重点图书出版规划项目 |
| ISBN 978-7-5191-0897-7:CNY28.00 |
| 本书是对国际教育神经科学领域十二位知名学者的访谈纪实。访谈内容涵盖教育神经科学的学科发展历史、研究范围、研究框架、学科前沿问题、对教育教学的启示等等。 |
| ● |
| 相关链接 |
|
|
|
|
正题名:教育神经科学的使命与未来
索取号:G40-056/787
 
预约/预借
| 序号 | 登录号 | 条形码 | 馆藏地/架位号 | 状态 | 备注 |
| 1 | 1100231 | 211002314 | 第一样本阅览室/ [索取号:G40-056/787] | 在馆 | |
| 2 | 1100232 | 211002323 | 教育系资料室/ [索取号:G40-056/787] | 在馆 | |
| 3 | 1100233 | 211002332 | 教育系资料室/ [索取号:G40-056/787] | 在馆 | |
| 4 | 1100234 | 211002341 | 教育系资料室/ [索取号:G40-056/787] | 在馆 | |
| 5 | 1100235 | 211002350 | 第四借阅区/ [索取号:G40-056/787] | 在馆 | |
| 6 | 1100236 | 211002369 | 第四借阅区/ [索取号:G40-056/787] | 在馆 |